| 000 | 00374 a2200133 4500 | ||
|---|---|---|---|
| 001 | 90919 | ||
| 082 | _aPR 1007 | ||
| 090 |
_c43052 _d43052 |
||
| 100 | _aAamir Maken; prof S.K.N. Zaidi (Advisor) and Mohammad Ismail (Reviewer) | ||
| 245 |
_aDesign of Anemometer _n30TH 'A' EC |
||
| 260 |
_aKarachi _bNED University _c1989 |
||
| 300 | _aiii;58p | ||
| 500 | _aBE Project Reports | ||
| 942 |
_aCAE NUST _kPR 1007 |
||
| 999 |
_c325992 _d325992 |
||